Một số nhận xét về sự tác động của các yếu tố gia đình và xã hội đến quá trình tự rèn luyện tư cách đạo đức của học sinh Trung học phổ thông tại Thành phố Hồ Chí Minh
保存先:
| 第一著者: | |
|---|---|
| フォーマット: | 図書 |
| 言語: | Undetermined |
| 主題: | |
| オンライン・アクセス: | http://lrc.tdmu.edu.vn/opac/search/detail.asp?aID=2&ID=23018 |
| タグ: |
タグ追加
タグなし, このレコードへの初めてのタグを付けませんか!
|
| Thư viện lưu trữ: | Trung tâm Học liệu Trường Đại học Thủ Dầu Một |
|---|
| LEADER | 00890nam a2200145Ia 4500 | ||
|---|---|---|---|
| 001 | TDMU_23018 | ||
| 008 | 210410s9999 xx 000 0 und d | ||
| 082 | |a 373.238 | ||
| 100 | |a Đào, Thị Vân Anh | ||
| 245 | 0 | |a Một số nhận xét về sự tác động của các yếu tố gia đình và xã hội đến quá trình tự rèn luyện tư cách đạo đức của học sinh Trung học phổ thông tại Thành phố Hồ Chí Minh | |
| 245 | 0 | |c Đào Thị Vân Anh | |
| 300 | |a tr.114-121 | ||
| 650 | |a Trường Trung học phổ thông; Rèn luyện tư cách đạo đức; Gia đình; Xã hội; Tác động ; Thành phố Hồ Chí Minh ; Giáo dục | ||
| 856 | |u http://lrc.tdmu.edu.vn/opac/search/detail.asp?aID=2&ID=23018 | ||
| 980 | |a Trung tâm Học liệu Trường Đại học Thủ Dầu Một | ||